Stratégia prestavby cenového mechanizmu

Bibliographic Details
Main Author: Oláh, Michal, 1931- (Author)
Format: Article
Language:Slovak
PhysicalDescription:Lit. 16 zázn. v slov., češ., ruš.
Subjects:

MARC

LEADER 00000nab a2200000 a 4500
001 vtls000332868
003 SK-MaSNL
005 20260303230210.0
008 230217c1988 xo 0 slo
015 |a SNBRB19rr/mm-uuuuu 
035 |a CL0332990 
035 |a urn:nbn:sk:snk-ab6r2z 
035 |a (uuid)97fcaf91-d3b8-4e88-9cf5-5bb4b1d098a6 
035 |a (urnnbn)urn:nbn:sk:snk:ar-a05coz 
035 |a (sysno)vtls000332868 
040 |a SNKBUCL  |b slo  |c SNKBUCL  |e AACR2 
041 0 |a slo 
044 |a xo  |c SK 
080 |a 338.5:338.2(437)  |2 1981 
080 |a 338.2(437)  |2 1981 
100 1 |a Oláh, Michal,  |d 1931-  |4 aut  |9 109804 
245 1 0 |a Stratégia prestavby cenového mechanizmu  |c Michal Oláh 
300 |b Lit. 16 zázn. v slov., češ., ruš. 
650 0 7 |a mechanizmus hospodársky  |2 snkbucl  |9 385380 
650 0 7 |a ceny  |2 snkbucl  |9 2113 
655 7 |a články z novín a časopisov  |2 snkbucl  |9 267496 
773 0 |t Ekonomický časopis  |g Roč. 36, č. 6 (1988), s. 534-549 
850 |a Slovenská národná knižnica v Martine  |a MTA001 
852 |a SNK  |b KIS3GCP 
954 |a odborná, vedecká literatúra pôvodná (slovenská)  |2 lita 
958 |a RK 
958 |a OND 
958 |a EUIPO 
958 |a article27 
992 |a RBX 
999 |c 2260613  |d 2262543